00673nam a2200241 a 4500001001300000003000900013005001700022008004100039020001000080082001600090100001400106245004000120260003700160300000900197500003500206505001000241650002000251700001400271902000800285942000700293952011600300999001500416nice12345678IN_TiNIC20260116011828.0050524s1912 leia grp 000 0 eng  ac10000a297.2bHOR1 aHorten, M aTheologie Des Islamb Razi and Tusi aLeipzigbOtto Harrassowitzc1912 a384p aincludes index and biblioraphy2 aIndex aIslam-Doctrines1 aHorten, M bSRS cBK 001040708StackRoom-aHMIbHMId2007-07-05g100.00l0o297.2 HOR1p07956r2007-07-05v100.00w2005-05-24yBK c4263d4263